Every 5,000+ City in Kosovo - Statistics

General Stats
  • This quiz has been taken 14 times
  • The average score is 7 of 33
Answers on the Map
Answers color-coded by a green-red scale on the quiz's map according to % correct below.
 
Answer Stats
hint Answer % Correct
143,469 Pristina
91%
33,628 Mitrovicë
73%
76,850 Prizren
73%
41,171 Pejë
64%
48,472 Ferizaj
45%
53,279 Gjilan
45%
7,081 Drenas
36%
41,809 Gjakovë
27%
5,527 Klinë
27%
13,092 Lipjan
27%
40,962 Fushë Kosovë
18%
5,522 istog
18%
5,206 Kamenicë
18%
13,642 Rahovec
18%
5,780 Viti
18%
7,606 Bresje
9%
8,276 Kaçanik
9%
7,683 North Mitrovica
9%
7,634 Obiliq
9%
20,330 Podujevë
9%
7,487 Shtime
9%
9,451 Skënderaj
9%
28,150 Vushtrri
9%
8,487 Çagllavicë
0%
7,870 Dushanovë
0%
7,702 Hajvali
0%
5,500 Lubizhdë
0%
5,607 Mamushë
0%
38,360 Matiçan
0%
9,896 Suharekë
0%
5,064 Uglar
0%
5,122 Vitomiricë
0%
6,470 Zhabar i Poshtëm
0%
No matching quizzes found
Score Distribution
Percent of People with Each Score
Percentile by Number Answered
Your Score History
You have not taken this quiz